000 00330nam a22001217a 4500
082 _a368.38 401 DIN
100 _aDINSDALE, W.A.
245 _aPRINCIPLES AND PRACTICE OF ACCIDENT INSURANCE
260 _aLONDON
_bBUCKLEY
_c1975
300 _axi,i268p.
_b23CM
650 _aPRICIPLES AND PRACTICE OF ACCIDENT INSURANCE
942 _cBK
999 _c13057
_d13057